zwycięscy srebrnego kasku - Statystyki

Ogólne statystyki
  • Ten quiz został rozwiązany 30 razy
  • Średni wynik to 15 z 23
Statystyki odpowiedzi
Hint Odpowiedź % Poprawnych
2008 maciej janowski
92%
2010 maciej janowski
92%
2011 maciej janowski
92%
2018 bartosz smektała
88%
2019 dominik kubera
85%
2020 Dominik Kubera
85%
2013 piotr pawlicki
85%
2014 piotr pawlicki
85%
2012 przemysław pawlicki
85%
2000 jarosław hampel
81%
2002 Krzysztof Kasprzak
69%
2003 Robert Miśkowiak
65%
2004 adrian miedziński
62%
2021 Jakub Miśkowiak
62%
2022 Jakub Miśkowiak
62%
2005 janusz kołodziej
62%
2017 maksym drabik
58%
2015 kacper woryna
54%
2009 Grzegorz Zengota
38%
2001 rafał okoniewski
38%
2006 karol ząbik
27%
2016 krystian pieszczek
27%
2007 marcin jędrzejewski
15%
Nie znaleziono quizów pasujących do podanych kryteriów
Rozkład punktacji
Procent ludzi z każdym wynikiem
Percentyl według liczby udzielonych odpowiedzi
Twoja historia wyników
Nie rozwiązałeś tego quizu